जगद्गुरू आद्य शंकराचार्य (Record no. 423603)

MARC details
000 -LEADER
fixed length control field 00548nam a2200145Ia 4500
008 - FIXED-LENGTH DATA ELEMENTS--GENERAL INFORMATION
fixed length control field 100122s9999 xx 000 0 und d
082 ## - DEWEY DECIMAL CLASSIFICATION NUMBER
Item number 43576
Classification number 922.945
100 ## - MAIN ENTRY--PERSONAL NAME
Personal name जोेहारी गजानन
245 ## - TITLE STATEMENT
Title जगद्गुरू आद्य शंकराचार्य
260 ## - PUBLICATION, DISTRIBUTION, ETC. (IMPRINT)
Name of publisher, distributor, etc सुरेश एजन्सी
Date of publication, distribution, etc 1989
300 ## - PHYSICAL DESCRIPTION
Extent 132
630 ## - SUBJECT ADDED ENTRY--UNIFORM TITLE
Uniform title जगद्गुरू आद्य शंकराचार्य
730 ## - ADDED ENTRY--UNIFORM TITLE
Uniform title जगद्गुरू आद्य शंकराचार्य
942 ## - ADDED ENTRY ELEMENTS (KOHA)
Koha item type Book
Holdings
Withdrawn status Lost status Damaged status Not for loan Home library Current library Date acquired Cost, normal purchase price Total Checkouts Full call number Barcode Date last seen Cost, replacement price Price effective from Koha item type Public note
        S.V. Pathak Library, Vile Parle S.V. Pathak Library, Vile Parle 01/20/1990 20.00   43576 SVPPARLE-43576 01/25/2010 20.00 01/25/2010 Book General NA